Estados Unidos: más allá de la crisis /
El documento presenta una investigación realizada por CLACSO, en torno al tema de la crisis capitalista actual, su carácter y efectos sobre Estados Unidos, así como las relaciones con América Latina y el resto del mundo.
Uloženo v:
| Hlavní autor: | |
|---|---|
| Další autoři: | |
| Médium: | Kniha |
| Jazyk: | Spanish |
| Vydáno: |
México:
Siglo XXI Editores,
2012
|
| Témata: | |
| Tagy: |
Přidat tag
Žádné tagy, Buďte první, kdo vytvoří štítek k tomuto záznamu!
|
MARC
| LEADER | 00000nam a22000007a 4500 | ||
|---|---|---|---|
| 003 | cru CIDCACS/IIS | ||
| 005 | 20230517090736.0 | ||
| 007 | ta | ||
| 008 | 170209t2012 mx ||||| |||| 00| 0 spa d | ||
| 020 | |a 9786070304378 | ||
| 040 | |c cru CIDCACS/IIS | ||
| 090 | |a 03.02.04 E79es | ||
| 100 | |9 2418 |a Castillo Fernández, Dídimo | ||
| 245 | 1 | |a Estados Unidos: |b más allá de la crisis / |c coordinadores Dídimo Castillo Fernández, Marco A. Gandásegui, hijo | |
| 260 | |a México: |b Siglo XXI Editores, |c 2012 | ||
| 300 | |a 525 páginas: |b tablas, gráficos | ||
| 520 | 3 | |a El documento presenta una investigación realizada por CLACSO, en torno al tema de la crisis capitalista actual, su carácter y efectos sobre Estados Unidos, así como las relaciones con América Latina y el resto del mundo. | |
| 650 | 0 | 0 | |9 6343 |a CRISIS ECONOMICA |
| 650 | 0 | 0 | |9 143 |a ECONOMIA |
| 650 | 0 | 0 | |9 3641 |a ELABORACION DE POLITICAS |
| 650 | 0 | 0 | |9 7477 |a FINANZAS PUBLICAS |
| 651 | 0 | |9 7599 |a ESTADOS UNIDOS DE AMERICA | |
| 700 | 1 | |a Gandásegui, Marco A., |c hijo |d 1943-2020 |9 320 | |
| 942 | |2 ddc |c LI |h 03.02.04 E79es |i 17667 |6 030204_E79ES_17667 | ||
| 999 | |c 18860 |d 18860 | ||



